Dr. Seuss Bibliography - Statistics

General Stats
  • This quiz has been taken 64 times
  • The average score is 18 of 71
Answer Stats
Type Year Name % Correct
Children's Book 1957 The Cat in the Hat
96%
Children's Book 1972 The Lorax
84%
Children's Book 1954 Horton Hears a Who!
76%
Children's Book 1960 Green Eggs and Ham
75%
Children's Book 1990 Oh, the Places You'll Go!
75%
Children's Book 1960 One Fish, Two Fish, Red Fish, Blue Fish
75%
Children's Book 1957 How the Grinch Stole Christmas!
71%
Children's Book 1963 Hop on Pop
67%
Children's Book 1958 The Cat in the Hat Comes Back
63%
Children's Book 1965 Fox in Socks
53%
Children's Book 1950 If I Ran the Zoo
43%
Children's Book 1974 There's a Wocket in My Pocket!
43%
Children's Book 1968 The Foot Book
39%
Children's Book 1937 And to Think That I Saw It on Mulberry Street
37%
Children's Book 1963 Dr. Seuss's ABC
33%
Children's Book 1940 Horton Hatches the Egg
33%
Picture Book Collection 1950 Yertle the Turtle and Other Stories
33%
Picture Book 1984 The Butter Battle Book
31%
Children's Book 1956 If I Ran the Circus
29%
Children's Book 1938 The 500 Hats of Bartholomew Cubbins
29%
Picture Book Collection 1961 The Sneetches and Other Stories
29%
Children's Book 1970 Mr. Brown Can Moo! Can You?: Dr. Seuss's Book of Wonderful Noises!
27%
Children's Book 1953 Scrambled Eggs Super!
25%
Children's Book 1961 Ten Apples Up On Top!
25%
Children's Book 1949 Bartholomew and the Oobleck
24%
Children's Book 1962 Dr. Seuss's Sleep Book
24%
Children's Book 1947 McElligot's Pool
24%
Children's Book 1955 On Beyond Zebra!
24%
Children's Book 1978 I Can Read with My Eyes Shut!
22%
Children's Book 1979 Oh Say Can You Say?
22%
Children's Book 1975 Oh, the Thinks You Can Think!
22%
Children's Book 1959 Happy Birthday to You!
20%
Children's Book 1972 Marvin K. Mooney Will You Please Go Now!
20%
Children's Book 1939 The King's Stilts
20%
Picture Book 1986 You're Only Old Once! A Book for Obsolete Children
20%
Children's Book 1987 I Am Not Going to Get Up Today!
18%
Children's Book 1965 I Wish That I Had Duck Feet
18%
Children's Book 1976 The Cat's Quizzer
18%
Children's Book 1948 Thidwick the Big-Hearted Moose
18%
Children's Book 1995 Daisy-Head Mayzie
16%
Children's Book 1998 Hooray for Diffendoofer Day!
16%
Children's Book 1982 Hunches in Bunches
16%
Children's Book 1996 My Many Colored Days
16%
Children's Book 2015 What Pet Should I Get?
16%
Song Book 1967 The Cat in the Hat Song Book
14%
Picture Book 1939 The Seven Lady Godivas: The True Facts Concerning History's Barest Family
14%
Children's Book 1973 The Shape of Me and Other Stuff
14%
Children's Book 1973 Did I Ever Tell You How Lucky You Are?
12%
Coloring Book 1970 I Can Draw It Myself
12%
Children's Book 1974 Great Day for Up!
10%
Picture Book Collection 1969 I Can Lick 30 Tigers Today! and Other Stories
10%
Children's Book 1972 In a People House
10%
Children's Book 1968 The Eye Book
10%
Children's Book 1981 The Tooth Book
10%
Children's Book 1974 Wacky Wednesday
10%
Children's Book 1969 My Book about ME
8%
Picture Book Collection 2011 The Bippolo Seed and Other Lost Stories
8%
Picture Book 1935 The Pocket Book of Boners
8%
Children's Book 1966 Come over to My House
6%
Children's Book 1965 I Had Trouble in Getting to Solla Solew
6%
Children's Book 1975 Because a Little Bug Went Ka-Choo!!
4%
Children's Book 1950 Gerald McBoing-Boing
4%
Children's Book 1976 Hooper Humperdink...? Not Him!
4%
Picture Book Collection 2014 Horton and the Kwuggerbug and More Lost Stories
4%
Children's Book 1980 Maybe You Should Fly a Jet! Maybe You Should Be a Vet!
4%
Children's Book 1997 Oh, Baby, the Places You'll Go!
4%
Children's Book 1977 Please Try to Remember the First of Octember!
4%
Children's Book 1974 The Many Mice of Mr. Brice
4%
Collection 1987 The Tough Coughs as He Ploughs the Dough
4%
Children's Book 1975 Would You Rather be a Bullfrog?
4%
Children's Book 1971 I Can Write! A Book by Me, Myself
2%
No matching quizzes found
Score Distribution
Percent of People with Each Score
Percentile by Number Answered
Your Score History
You have not taken this quiz